000 00841nam a2200229Ia 4500
003 GCL
008 140319s9999 xx 000 0 ara d
040 _aGCL /
_cGCL
082 0 4 _a001.5
_bم ا
100 1 _aالمنظمة العربية للتربية والثقافة
245 1 0 _aالاعلام العربى حاضرا ومستقبلا نحو نظام عربى جديد للاعلام والاتصال /
_cالمنظمة العربية للتربية والثقافة
260 _a[S.N] :
_bالمنظمة الاسلامية للتربية والعلوم والثقافة ،
_c1987
300 _a216 ص
490 _a
650 0 4 _aالاعلان
650 0 4 _aالصحافة
650 0 4 _aالاتصال
650 0 4 _aالاعلام
650 0 4 _aالدعاية
650 0 4 _aوسائل الاعلام
942 _2ddc
_cBK
999 _c35607
_d35607